Statistics for Spain players in Serie A 2023/24

Click here to take the quiz!

General Stats

  • This quiz has been taken 9 times
  • The average score is 7 of 15

Answer Stats

TeamPlayer% Correct
LazioPatric
89%
RomaDiego Llorente
78%
UdineseGerard Deulofeu
78%
LazioLuis Alberto
78%
LazioPedro
78%
LazioMario Gila
56%
MonzaPablo Mari
56%
GenoaAaron Martin
44%
GenoaJosep Martinez
44%
RomaAngelino
33%
UdineseOier Zarraga
33%
LecceJoan Gonzalez
22%
FrosinonePol Lirola
22%
RomaDean Huijsen
11%
SassuoloSamu Castillejo
11%

Score Distribution

Percentile by Number Answered

Percent of People with Each Score

Your Score History

You have not taken this quiz